|
|
|
|
| LEADER |
01967nam a22003853i 4500 |
| 001 |
EBC5144883 |
| 003 |
MiAaPQ |
| 005 |
20240729202202.0 |
| 006 |
m o d | |
| 007 |
cr cnu|||||||| |
| 008 |
240729s2017 xx o ||||0 eng d |
| 020 |
|
|
|a 9789176854419
|q (electronic bk.)
|
| 035 |
|
|
|a (MiAaPQ)EBC5144883
|
| 035 |
|
|
|a (Au-PeEL)EBL5144883
|
| 035 |
|
|
|a (CaPaEBR)ebr11466275
|
| 035 |
|
|
|a (OCoLC)1012344722
|
| 040 |
|
|
|a MiAaPQ
|b eng
|e rda
|e pn
|c MiAaPQ
|d MiAaPQ
|
| 100 |
1 |
|
|a Lundengård, Karin.
|
| 245 |
1 |
0 |
|a Mechanistic Modelling - a BOLD Response to the FMRI Information Loss Problem.
|
| 250 |
|
|
|a 1st ed.
|
| 264 |
|
1 |
|a Linköping :
|b Linkopings Universitet,
|c 2017.
|
| 264 |
|
4 |
|c {copy}2017.
|
| 300 |
|
|
|a 1 online resource (79 pages)
|
| 336 |
|
|
|a text
|b txt
|2 rdacontent
|
| 337 |
|
|
|a computer
|b c
|2 rdamedia
|
| 338 |
|
|
|a online resource
|b cr
|2 rdacarrier
|
| 490 |
1 |
|
|a Linköping University Medical Dissertations Series ;
|v v.1591
|
| 505 |
0 |
|
|a Intro -- Populärvetenskaplig sammanfattning -- Abstract -- Summary of Papers -- Abbreviations -- Contents -- Chapter 1 Introduction -- Chapter 2 Imaging the BrainWith fMRI -- Chapter 3 Systems Biology -- Chapter 4 Aims -- Chapter 5 Results -- Chapter 6 Discussion -- Conclusion -- Acknowledgements -- References.
|
| 588 |
|
|
|a Description based on publisher supplied metadata and other sources.
|
| 590 |
|
|
|a Electronic reproduction. Ann Arbor, Michigan : ProQuest Ebook Central, 2024. Available via World Wide Web. Access may be limited to ProQuest Ebook Central affiliated libraries.
|
| 655 |
|
4 |
|a Electronic books.
|
| 776 |
0 |
8 |
|i Print version:
|a Lundengård, Karin
|t Mechanistic Modelling - a BOLD Response to the FMRI Information Loss Problem
|d Linköping : Linkopings Universitet,c2017
|
| 797 |
2 |
|
|a ProQuest (Firm)
|
| 830 |
|
0 |
|a Linköping University Medical Dissertations Series
|
| 856 |
4 |
0 |
|u https://ebookcentral.proquest.com/lib/matrademy/detail.action?docID=5144883
|z Click to View
|